Các nguyên lý tiền tệ ngân hàng và thị trường tài chính

Sách giới thiệu tập trung vào các nguyên lý hoạt động, các mối quan hệ trên thị trường và hệ thống tài chính, tiền tệ và tài chính quốc gia, ngân sách nhà nước, tổng quan về thị trường tài chính, cấu trúc rủi ro và cấu trúc kỳ hạn củ...

Disgrifiad llawn

Wedi'i Gadw mewn:
Manylion Llyfryddiaeth
Prif Awdur: Trần, Viết Hoàng
Fformat: Llyfr
Iaith:Undetermined
Cyhoeddwyd: Hà Nội Thống kê 2009
Pynciau:
Tagiau: Ychwanegu Tag
Dim Tagiau, Byddwch y cyntaf i dagio'r cofnod hwn!
Thư viện lưu trữ: Trung tâm Học liệu Trường Đại học Cần Thơ
LEADER 01083nam a2200205Ia 4500
001 CTU_139695
008 210402s9999 xx 000 0 und d
020 |c 58500 
082 |a 332.1 
082 |b H407 
100 |a Trần, Viết Hoàng 
245 0 |a Các nguyên lý tiền tệ ngân hàng và thị trường tài chính 
245 0 |c Trần Viết Hoàng, Cung Trần Việt 
260 |a Hà Nội 
260 |b Thống kê 
260 |c 2009 
520 |a Sách giới thiệu tập trung vào các nguyên lý hoạt động, các mối quan hệ trên thị trường và hệ thống tài chính, tiền tệ và tài chính quốc gia, ngân sách nhà nước, tổng quan về thị trường tài chính, cấu trúc rủi ro và cấu trúc kỳ hạn của lãi suất... 
650 |a Banks and banking,Finance,Ngân hàng và nghiệp vụ ngân hàng,Tài chính 
904 |i Trọng Hải 
980 |a Trung tâm Học liệu Trường Đại học Cần Thơ